000
00260nam a22001217a 4500
008
171016b xxu||||| |||| 00| 0 eng d
041
_a
eng
080
_a
33
100
_a
52
101
_a
EKO
245
_a
ECONOMICS OF LABOR
_c
REYNOLDS, L.G
942
_2
udc
_c
BK
999
_c
34170
_d
34170